| 000 | 00542nam a22001937a 4500 | ||
|---|---|---|---|
| 003 | CEME | ||
| 005 | 20210628205310.0 | ||
| 008 | 210114b xxu||||| |||| 00| 0 eng d | ||
| 020 | _a9788131717936 | ||
| 040 | _c. | ||
| 082 | _a621.3822 KUO | ||
| 100 |
_aKuo, Sen M _9696 |
||
| 245 | _aDigital signal processors,architectures, implementations, and applications | ||
| 260 |
_aINDIA _bPEARSON EDUCATION _c2008 |
||
| 300 | _a619P | ||
| 650 |
_aDIGITAL SIGNAL PROCESSING.DSP. _957604 |
||
| 700 |
_aGAN, WOON SENG S _974823 |
||
| 942 |
_cBK _2ddc |
||
| 999 |
_c580329 _d580329 |
||